000 00938nam a22002657a 4500
003 OSt
005 20250924102335.0
008 250220b |||||||| |||| 00| 0 eng d
020 _a9780323414425 (Paperback)
040 _aNUST
_beng
_cNUST
_dNUST
_erda
050 _aRB113 HUB
100 _aHubert, Robert J
_eAuthor
245 _aGould's pathophysiology for the health professions /
_cRobert J. Hubert
250 _aSixth edition.
260 _aSt. Louis, Missouri :
_bElsevier,
_c©2018.
300 _axviii, 681 pages :
_billustrations (chiefly color) ;
_c28 cm.
336 _2rdamedia
_atext
_btxt
337 _2rdamedia
_aunmediated
_bn
338 _2rdamedia
_avolume
_bnc
504 _aIncludes bibliographical references and index.
650 _vPathologic Processes.
650 _vPhysiological Phenomena.
700 _aVanMeter, Karin
_eAuthor
942 _2lcc
_cBOOKS
_eSixth edition.
_hRB113 HUB
_kRB
_mHUB
_n0
999 _c171313
_d171313